000 00554nam a2200217Ia 4500
005 20240111094432.0
008 131103s9999 xx 000 0 und d
020 _aSBN 42275120 0
040 _aLoreto College
041 _aEnglish
082 _a370
_bCUR
100 _aCurle, Adam
245 _aEducational Strategy for Developing Societies,
_cAdam Curle
250 _a2nd ed.
260 _aLondon
_bTavistock Publication
_c1970
300 _axxi,180 p.
504 _aReprinted 1973
650 _aEducation
850 _aLCLIB
942 _cBK
999 _c2873
_d53352